000 00702nam a2200229Ia 4500
003 OSt
005 20220923221832.0
006 a|||||r|||| 00| 0
007 ta
008 220922b |||||||| |||| 00| 0 hin d
024 _a200,341
037 _cTextual
040 _aARTS
_cARTS
_bhin
041 _2hin
_ahin
082 _aQ41:224, 152K9.4
100 _aआनन्द, कौसल्यायन
245 0 _aअगंुत्तर निकाय
246 _aAganuttar nikāya
260 _aकलकत्ता
_b महाबेधि सभा
942 _hQ41:224, 152K9.4
_cTEXL
_2CC
999 _c352013
_d352013